| 000 | 03685cam a22012614i 4500 | ||
|---|---|---|---|
| 003 | PE-LiUPU | ||
| 005 | 20250813185438.0 | ||
| 008 | 150623s2002 pe r 000 0 spa d | ||
| 035 | _a(Sirsi) a25494 | ||
| 040 |
_aPE-LiUPU _bspa _cPE-LiUPU _erda |
||
| 082 | 0 | 4 |
_a343.2 _bC132002 _221 |
| 110 | 2 | _aCongreso de la República del Perú | |
| 245 | 1 | 0 | _aProyecto de ley de reforma de la constitución [de 1993]. |
| 264 | 1 |
_aLima : _bCongreso de la República del Perú, _c2002. |
|
| 300 |
_a174 páginas ; _c23 centímetros |
||
| 336 |
_atext _2rdacontent |
||
| 337 |
_aunmediated _2rdamedia |
||
| 338 |
_avolume _2rdacarrier |
||
| 500 | _aPresentado por la Comisión de Constitución: dic. 2001-1a semana de abril del 2002. | ||
| 505 | 0 | _aConstitución política del Perú -- Derechos fundamentales, deberes fundamentales y procesos constitucionales -- Del Régimen económico -- De la estructura del estado -- De la reforma de la constitución -- Declaración de la Antártida -- Dictamen. | |
| 526 | _aP202 | ||
| 526 | _aP201 | ||
| 526 | _aP163 | ||
| 526 | _aP162 | ||
| 526 | _aP161 | ||
| 526 | _aP160 | ||
| 526 | _aP148 | ||
| 526 | _aP147 | ||
| 526 | _aP146 | ||
| 526 | _aP145 | ||
| 526 | _aP144 | ||
| 526 | _aP143 | ||
| 526 | _aP142 | ||
| 526 | _aP141 | ||
| 526 | _aP140 | ||
| 526 | _aP139 | ||
| 526 | _aP138 | ||
| 526 | _aP137 | ||
| 526 | _aP136 | ||
| 526 | _aP135 | ||
| 526 | _aP134 | ||
| 526 | _aP133 | ||
| 526 | _aP129 | ||
| 526 | _aP128 | ||
| 526 | _aP127 | ||
| 526 | _aP120 | ||
| 526 | _aP119 | ||
| 526 | _aP118 | ||
| 526 | _aP116 | ||
| 526 | _aP115 | ||
| 526 | _aP114 | ||
| 526 | _aP110 | ||
| 526 | _aP109 | ||
| 526 | _aP108 | ||
| 526 | _aP104 | ||
| 526 | _aP103 | ||
| 526 | _aP102 | ||
| 526 | _aP99 | ||
| 526 | _aP98 | ||
| 526 | _aP97 | ||
| 526 | _aP96 | ||
| 526 | _aP95 | ||
| 526 | _aP93 | ||
| 526 | _aP90 | ||
| 526 | _aP89 | ||
| 526 | _aP88 | ||
| 526 | _aP83 | ||
| 526 | _aP82 | ||
| 526 | _aP62 | ||
| 526 | _aP59 | ||
| 526 | _aP58 | ||
| 526 | _aP57 | ||
| 526 | _aP51 | ||
| 526 | _aP49 | ||
| 526 | _aP48 | ||
| 526 | _aP47 | ||
| 526 | _aP29 | ||
| 526 | _aP24 | ||
| 526 | _aP20 | ||
| 526 | _aP19 | ||
| 526 | _aP17 | ||
| 526 | _aP15 | ||
| 526 | _aP14 | ||
| 526 | _aP12 | ||
| 526 | _aP10 | ||
| 526 | _aP09 | ||
| 526 | _aP08 | ||
| 526 | _aP07 | ||
| 526 | _aP06 | ||
| 526 | _aP05 | ||
| 526 | _aP04 | ||
| 526 | _aP01 | ||
| 650 | 0 | 4 |
_aDerecho constitucional _zPerú _xReforma. |
| 650 | 0 | 4 |
_aProyectos de ley _zPerú. |
| 910 | _adbm | ||
| 942 |
_2ddc _cBOOK |
||
| 949 |
_a343.2/C13 P45 2002 _wDEWEY _c1 _i50554 _lCCODEBUL1 _mBUL _p10.00 _r0 _sY _tBOOK _u2015-06-24 _xBIBLIOTECA _zUNKNOWN _0COMPRA _o.STAFF. Colección Ciencias Humanas y Educación |
||
| 949 |
_a343.2/C13 P45 2002 _wDEWEY _c2 _i50555 _lCCODEBUL1 _mBUL _p10.00 _r0 _sY _tBOOK _u2015-06-24 _xBIBLIOTECA _zUNKNOWN _0COMPRA _o.STAFF. Colección Ciencias Humanas y Educación |
||
| 949 |
_a343.2/C13 P45 2002 _wDEWEY _c3 _i50551 _lCCODEBUL1 _mBUL _p10.00 _r0 _sY _tBOOK _u2015-06-24 _xBIBLIOTECA _zUNKNOWN _0COMPRA _o.STAFF. Colección Ciencias Humanas y Educación |
||
| 949 |
_a343.2/C13 P45 2002 _wDEWEY _c4 _i50552 _lCCODEBUL1 _mBUL _p10.00 _r0 _sY _tBOOK _u2015-06-24 _xBIBLIOTECA _zUNKNOWN _0COMPRA _o.STAFF. Colección Ciencias Humanas y Educación |
||
| 999 |
_c32421 _d32421 |
||
| 980 |
_81 _gALBERTO SANCHEZ Responsable de Automatización |
||